<?xml version="1.0" encoding="UTF-8"?>
<record
    xmlns:xsi="http://www.w3.org/2001/XMLSchema-instance"
    xsi:schemaLocation="http://www.loc.gov/MARC21/slim http://www.loc.gov/standards/marcxml/schema/MARC21slim.xsd"
    xmlns="http://www.loc.gov/MARC21/slim">

  <leader>01012nam a2200277 a 4500</leader>
  <controlfield tag="001">BRL_1311</controlfield>
  <controlfield tag="005">20190320211136.0</controlfield>
  <controlfield tag="008">060114s2010----mx-a######---#000-0#spa-#</controlfield>
  <datafield tag="020" ind1=" " ind2=" ">
    <subfield code="a">9786074840834</subfield>
  </datafield>
  <datafield tag="041" ind1=" " ind2=" ">
    <subfield code="a">spa</subfield>
  </datafield>
  <datafield tag="044" ind1=" " ind2=" ">
    <subfield code="a">mx</subfield>
  </datafield>
  <datafield tag="050" ind1=" " ind2="4">
    <subfield code="a">GN378.P9</subfield>
    <subfield code="b">.P94 2010</subfield>
  </datafield>
  <datafield tag="245" ind1="1" ind2="0">
    <subfield code="a">Los pueblos ind&#xED;genas de Puebla</subfield>
    <subfield code="b">atlas etnogr&#xE1;fico</subfield>
    <subfield code="c">Elio Masferrer, Jaime Mondrag&#xF3;n, Georgina Vences, coordinadores.</subfield>
  </datafield>
  <datafield tag="260" ind1=" " ind2=" ">
    <subfield code="a">M&#xE9;xico</subfield>
    <subfield code="b">INAH : Gobierno del Estado de Puebla</subfield>
    <subfield code="c">2010</subfield>
  </datafield>
  <datafield tag="300" ind1=" " ind2=" ">
    <subfield code="a">470 p.</subfield>
    <subfield code="b">il. (algunas a color), mapas, gr&#xE1;ficas</subfield>
    <subfield code="c">32 cm.</subfield>
  </datafield>
  <datafield tag="440" ind1=" " ind2="0">
    <subfield code="a">Divulgaci&#xF3;n</subfield>
    <subfield code="9">26469</subfield>
  </datafield>
  <datafield tag="504" ind1=" " ind2=" ">
    <subfield code="a">Bibliograf&#xED;a : p. 455-466</subfield>
  </datafield>
  <datafield tag="650" ind1="1" ind2="4">
    <subfield code="a">Pueblos ind&#xED;genas</subfield>
    <subfield code="x">Historia</subfield>
    <subfield code="z">Puebla</subfield>
    <subfield code="9">26470</subfield>
  </datafield>
  <datafield tag="650" ind1="1" ind2="4">
    <subfield code="a">Etnograf&#xED;a</subfield>
    <subfield code="v">Atlas</subfield>
    <subfield code="z">Puebla</subfield>
    <subfield code="9">26471</subfield>
  </datafield>
  <datafield tag="650" ind1="1" ind2="4">
    <subfield code="a">Grupos &#xE9;tnicos</subfield>
    <subfield code="z">Puebla</subfield>
    <subfield code="9">26472</subfield>
  </datafield>
  <datafield tag="651" ind1=" " ind2="4">
    <subfield code="a">Puebla</subfield>
    <subfield code="x">Vida social y costumbres</subfield>
    <subfield code="9">26473</subfield>
  </datafield>
  <datafield tag="700" ind1="1" ind2=" ">
    <subfield code="a">Masferrer Kan, Elio</subfield>
    <subfield code="e">coord.</subfield>
    <subfield code="9">26474</subfield>
  </datafield>
  <datafield tag="700" ind1="1" ind2=" ">
    <subfield code="a">Mondrag&#xF3;n Melo, Jaime</subfield>
    <subfield code="e">coord.</subfield>
    <subfield code="9">26475</subfield>
  </datafield>
  <datafield tag="700" ind1="1" ind2=" ">
    <subfield code="a">Vences Ruiz, Georgina</subfield>
    <subfield code="e">coord.</subfield>
    <subfield code="9">26476</subfield>
  </datafield>
  <datafield tag="942" ind1=" " ind2=" ">
    <subfield code="2">lcc</subfield>
    <subfield code="c">B</subfield>
  </datafield>
  <datafield tag="999" ind1=" " ind2=" ">
    <subfield code="c">10123</subfield>
    <subfield code="d">10123</subfield>
  </datafield>
  <datafield tag="952" ind1=" " ind2=" ">
    <subfield code="0">0</subfield>
    <subfield code="1">0</subfield>
    <subfield code="4">0</subfield>
    <subfield code="7">0</subfield>
    <subfield code="a">BRL</subfield>
    <subfield code="b">BRL</subfield>
    <subfield code="d">2014-01-06</subfield>
    <subfield code="l">0</subfield>
    <subfield code="o">GN378.P9 .P94 2010</subfield>
    <subfield code="p">00024</subfield>
    <subfield code="r">2019-03-22 00:00:00</subfield>
    <subfield code="w">2019-03-22</subfield>
    <subfield code="y">B</subfield>
  </datafield>
</record>
